Calibración de la Red de Distribución de Agua Potable de la Ciudad de Chinandega con el programa de simulación Epanet

En este trabajo monográfico se observa la calibración de la red de abastecimiento de agua potable de la ciudad de Chinandega con el programa EPANET. Contiene las generalidades del departamento, su clima, vida económica vegetación y las características culturales de la zona. Se muestra como esta...

Full description

Bibliographic Details
Main Authors: Cardoza Rivera, Magali del Socorro, Caballero Barrera, Juan Rafael
Other Authors: Tutor: Serrano, Freddy Marín
Format: Tesis Section = Libro
Language:Undetermined
Spanish
Published: Managua UNI 1997
Subjects:
LEADER 01353nam a2200253Ia 4500
008 240830s9999 xx 000 0 und d
040 |a BIBLIOTECA-RUPAP MON 628.144 C268 
041 |a spa 
082 |a MON 628.144 C268 
100 1 |a Cardoza Rivera, Magali del Socorro 
100 1 |b Caballero Barrera, Juan Rafael 
245 1 0 |a Calibración de la Red de Distribución de Agua Potable de la Ciudad de Chinandega con el programa de simulación Epanet 
260 |a Managua  |b UNI  |c 1997 
300 |a 232 p. :il. 
500 |a Contiene: fotos, planos y tablas. 
502 |a Tesis (Ingeniero Agrícola)- UNI, 1997. 
520 3 |a En este trabajo monográfico se observa la calibración de la red de abastecimiento de agua potable de la ciudad de Chinandega con el programa EPANET. Contiene las generalidades del departamento, su clima, vida económica vegetación y las características culturales de la zona. Se muestra como está definida la red de abastecimiento de agua potable, la ubicación de los pozos, etc. También se presentan los datos previos para la simulación de la red, se define la calibración de la red, se describe 
650 7 |a AGUA - DISTRIBUCION 
650 7 |b AGUA - ABASTECIMIENTO 
650 7 |c AGUA POTABLE CHINANDEGA. 
700 1 |a Tutor:  |b Serrano, Freddy Marín 
942 |c BK  |2 ddc 
991 |a TESIS 
999 |c 16254